A Madeira Cultura e Paisagem (Registo nº 555)

Detalhes MARC
000 -Etiqueta do registo
Cabeçalho 00597nam0a22002531 4500
005 - Identificador da versão
Campo de controlo 20240813121806.0
021 ## - Número do Depósito Legal
Código do país PT
035 ## - Other System Control Numbers
System Control Number 0000577
System Control Number 0000574
System Control Number 0000574
System Control Number 0000564
100 ## - Dados gerais de processamento
Dados gerais de processamento 20050509d a e0pory5003 ba
102 ## - Pais de publicação ou produção
País de publicação Portugal
101 1# - Língua de publicação
Língua do texto, banda sonora, etc. Português
Língua do documento no original Português
106 ## - Campo de dados codificados: material textual
Dados codificados do material textual r
105 ## - Campo de dados codificados: livros
Dados codificados dos livros y z 001yy
215 ## - Descrição física 
Indicação específica da natureza do documento e extensão da espécie p. 184
Dimensões cm
200 1# - Titulo e menção de responsabilidade
Título próprio A Madeira Cultura e Paisagem
Primeira menção de responsabilidade Cesar A. Pestana
205 ## - Menção da edição
Menção da edição 1ª edição
210 ## - Publicação, Distribuição, etc. 
Lugar da edição, distribuição, etc. Funchal
Nome do editor, distribuidor, etc. Secretaria Regional de Turismo e Cultura
Data da publicação, distribuição, etc. 1985
942 ## - Elementos de entrada adicionados (Koha)
Tipo de item no Koha Livro
Exemplares
Situação do levantamento Origin of item (home branch) (coded) Biblioteca de empréstimo Código de barras Circulation type (not for loan) Tipo de documento Nota do exemplar Damaged status
  Biblioteca Escolar Eng. Nuno Mergulhão Biblioteca Escolar Eng. Nuno Mergulhão BENM378   Livro Sem mensagem